The M & E Handbook Series : Purchasing. (Record no. 2604)
[ view plain ]
| 005 - DATE AND TIME OF LATEST TRANSACTION | |
|---|---|
| control field | 20250524093324.0 |
| 020 ## - INTERNATIONAL STANDARD BOOK NUMBER | |
| International Standard Book Number | 0-7121-1748-2 |
| 082 ## - DEWEY DECIMAL CLASSIFICATION NUMBER | |
| Classification number | 658.72 LYS |
| 100 ## - MAIN ENTRY--PERSONAL NAME | |
| Author name | LYSONS, C. K. |
| 245 ## - TITLE STATEMENT | |
| Title | The M & E Handbook Series : Purchasing. |
| 250 ## - EDITION STATEMENT | |
| Edition statement | 2rd Ed |
| 260 ## - PUBLICATION, DISTRIBUTION, ETC. | |
| Place of publication, distribution, etc. | London, |
| Name of publisher, distributor, etc. | Longman Group, |
| Date of publication, distribution, etc. | 1989. |
| 300 ## - PHYSICAL DESCRIPTION | |
| Extent | viii, 292p.: ill.; figure, table |
| Other physical details | Index |
| Dimensions | 17cm. |
| 942 ## - ADDED ENTRY ELEMENTS (KOHA) | |
| Source of classification or shelving scheme | Dewey Decimal Classification |
| Koha item type | Books |
| Date last seen | Total checkouts | Full call number | Barcode | Cost, replacement price | Price effective from | Koha item type | Lost status | Source of classification or shelving scheme | Damaged status | Not for loan | Withdrawn status | Home library | Current library | Shelving location | Date acquired | Cost, normal purchase price |
|---|---|---|---|---|---|---|---|---|---|---|---|---|---|---|---|---|
| 05/24/2025 | 658.72 LYS | 0000009759 | 30000.00 | 05/24/2025 | Books | Dewey Decimal Classification | College of Business Education Main Library | College of Business Education Main Library | General Collection | 07/04/1991 | 10000.00 | |||||
| 05/24/2025 | 658.72 LYS | 0000009760 | 30000.00 | 05/24/2025 | Books | Dewey Decimal Classification | College of Business Education Main Library | College of Business Education Main Library | General Collection | 07/04/1991 | 10000.00 |
